Statistics for All stars with proper names approved by International Astronomical Union

Click here to take the quiz!

General Stats

  • This quiz has been taken 122 times
    (50 since last reset)
  • The average score is 146 of 336

Answer Stats

Const.V. mag.Star Name% Correct
CMa-1.44Sirius
89%
UMi1.97 Polaris
84%
Ori0.45 Betelgeuse
79%
Lyr0.03 Vega
79%
Sco1.06 Antares
74%
Boo-0.05Arcturus
74%
Vir0.98 Spica
74%
Tau0.87 Aldebaran
68%
Aql0.76 Altair
68%
Car-0.62Canopus
68%
Aur0.08Capella
68%
Cyg1.25 Deneb
68%
Leo1.36 Regulus
68%
Ori0.18 Rigel
68%
Tau2.85 Alcyone
63%
Per2.09 Algol
63%
Ori1.64 Bellatrix
63%
Gem1.98 Castor
63%
Leo2.14 Denebola
63%
UMa1.81 Dubhe
63%
PsA1.17 Fomalhaut
63%
Cet6.47Mira
63%
Per1.79 Mirfak
63%
UMa2.23 Mizar
63%
Gem1.16 Pollux
63%
CMi0.40 Procyon
63%
Cen11.01 Proxima Centauri
63%
Oph2.08 Rasalhague
63%
Eri0.45Achernar
58%
UMa3.99 Alcor
58%
Leo2.61 Algieba
58%
UMa1.85 Alkaid
58%
Gru1.73 Alnair
58%
Ori1.74 Alnitak
58%
Cas2.28 Caph
58%
CVn2.89 Cor Caroli
58%
Tau1.65 Elnath
58%
Ari2.01 Hamal
58%
UMi2.07 Kochab
58%
UMa3.32 Megrez
58%
Tau4.14 Merope
58%
Car1.67 Miaplacidus
58%
Ori2.25 Mintaka
58%
And2.07Mirach
58%
Vir2.74 Porrima
58%
Her3.37 Rasalgethi
58%
Dra2.79 Rastaban
58%
Ori2.07 Saiph
58%
Sco1.62Shaula
58%
Leo2.56 Zosma
58%
Eri2.88Acamar
53%
Cru1.33 Acrux
53%
Cyg3.05 Albireo
53%
Cep2.45 Alderamin
53%
Gem1.93 Alhena
53%
UMa1.76 Alioth
53%
And2.10 Almach
53%
CrB2.22 Alphecca
53%
Aql3.71 Alshain
53%
UMa4.41 Alula Australis
53%
UMa3.49 Alula Borealis
53%
Lep2.58 Arneb
53%
Cnc3.94 Asellus Australis
53%
Cnc4.66 Asellus Borealis
53%
Tau3.62 Atlas
53%
Cap2.85 Deneb Algedi
53%
Peg2.38 Enif
53%
Cru1.59 Gacrux
53%
Sgr1.79 Kaus Australis
53%
Sgr2.82 Kaus Borealis
53%
Tau3.87 Maia
53%
Cet2.54 Menkar
53%
Cru1.25 Mimosa
53%
Lep2.81 Nihal
53%
Col2.65 Phact
53%
UMa2.41 Phecda
53%
Cen-0.01Rigil Kentaurus
53%
Oph2.43 Sabik
53%
Cyg2.23 Sadr
53%
Her3.12Sarin
53%
Sge4.39Sham
53%
Aql2.72 Tarazed
53%
Cnc3.53Tarf
53%
Dra3.67 Thuban
53%
Sco2.56 Acrab
47%
CMa1.50 Adhara
47%
Ori1.69 Alnilam
47%
Hya1.99 Alphard
47%
And2.07 Alpheratz
47%
Phe2.40 Ankaa
47%
Vul4.44 Anser
47%
Per3.84 Atik
47%
Car1.86 Avior
47%
CVn4.24 Chara
47%
Leo3.33 Chertan
47%
Eri2.78 Cursa
47%
Cet2.04 Diphda
47%
Sco2.29 Dschubba
47%
Dra2.24 Eltanin
47%
Cep3.21 Errai
47%
Cen0.61 Hadar
47%
Boo2.35 Izar
47%
Sgr2.72 Kaus Media
47%
Her2.78 Kornephoros
47%
Peg2.49 Markab
47%
Aur1.90 Menkalinan
47%
Cen2.06 Menkent
47%
UMa2.34 Merak
47%
CMa1.98 Mirzam
47%
Per3.79 Misam
47%
UMa3.35 Muscida
47%
Pup2.21 Naos
47%
Sgr2.05 Nunki
47%
Pav1.94 Peacock
47%
UMi3.00 Pherkad
47%
Oct5.45 Polaris Australis
47%
Aqr2.95 Sadalmelik
47%
Aqr2.90 Sadalsuud
47%
Sco1.86Sargas
47%
Peg2.44Scheat
47%
Ari2.64Sheratan
47%
Aqr3.27 Skat
47%
Del3.77 Sualocin
47%
Vel2.23 Suhail
47%
Lyr3.25 Sulafat
47%
Ori3.19 Tabit
47%
CMa1.83 Wezen
47%
Oph2.73 Yed Prior
47%
Vir3.89 Zaniah
47%
Cas3.46 Achird
42%
Cnc4.26 Acubens
42%
Tau3.53 Ain
42%
Cep3.23 Alfirk
42%
Cap3.58 Algedi
42%
Peg2.83 Algenib
42%
Crt4.08 Alkes
42%
Aur3.03 Almaaz
42%
Sco2.90 Alniyat
42%
Vel1.99 Alsephina
42%
Ser4.62 Alya
42%
Sgr2.60 Ascella
42%
Car2.21 Aspidiske
42%
Tau5.76 Asterope
42%
TrA1.91 Atria
42%
Pup3.45Azmidi
42%
Lib3.25 Brachium
42%
Tau5.45 Celaeno
42%
Cnc5.95 Copernicus
42%
Cap3.05 Dabih
42%
For3.86 Dalim
42%
Tau3.72 Electra
42%
Sco2.89 Fang
42%
Cas3.69 Fulu
42%
CMa3.02 Furud
42%
Crv2.58 Gienah
42%
CMi2.89 Gomeisa
42%
Vir3.38Heze
42%
Cru2.75Imai
42%
Sco2.29 Larawag
42%
CVn5.42La Superba
42%
Sco2.70 Lesath
42%
Vel2.47 Markeb
42%
Peg2.93 Matar
42%
Per3.98 Menkib
42%
Ari4.75 Mesarthim
42%
Vir3.39 Minelauva
42%
Per3.77 Miram
42%
Del5.48 Musica
42%
Boo3.49 Nekkar
42%
CrB3.66 Nusakan
42%
Aql2.99Okab
42%
Tau5.05 Pleione
42%
Sgr3.84 Polis
42%
Gem3.31 Propus
42%
Eri3.73 Ran
42%
Del3.64Rotanev
42%
Sgr3.96 Rukbat
42%
Cas2.24Schedar
42%
Cas3.35Segin
42%
Boo3.04Seginus
42%
Lyr3.52Sheliak
42%
UMa3.12 Talitha
42%
UMa3.06 Tania Australis
42%
UMa3.45 Tania Borealis
42%
Tau4.30 Taygeta
42%
Gem2.87 Tejat
42%
Tau2.97 Tianguan
42%
Cen1.35Toliman
42%
Pup2.83 Tureis
42%
Vir2.85 Vindemiatrix
42%
Gem3.50 Wasat
42%
Col3.12 Wazn
42%
Oph3.23 Yed Posterior
42%
Eri2.97 Zaurak
42%
Vir3.59 Zavijava
42%
Eri4.80 Zibal
42%
Lib2.75 Zubenelgenubi
42%
Lib2.61 Zubeneschamali
42%
Leo3.43 Adhafera
37%
Crv2.94 Algorab
37%
Boo4.31 Alkalurops
37%
Psc3.61Alpherg
37%
Psc3.82 Alrescha
37%
Dra4.67 Alsafi
37%
Dra3.07 Altais
37%
Eri3.89 Azha
37%
Oph9.54 Barnard's Star
37%
Cet3.74 Baten Kaitos
37%
Eri4.04 Beid
37%
Ari4.35 Botein
37%
Ara5.15 Cervantes
37%
Cyg2.90Fawaris
37%
Psc4.48Fumalsamakah
37%
Sco3.19 Fuyue
37%
Cru3.59 Ginan
37%
Ori2.80 Hatysa
37%
Peg5.49 Helvetios
37%
Cet3.56 Kaffaljidhma
37%
Vir4.18 Kang
37%
Eri4.43 Keid
37%
Cep4.26 Kurhah
37%
Aql4.71 Libertas
37%
Vir(pulsar)Lich
37%
Oph3.82 Marfik
37%
Ori3.39 Meissa
37%
CMa4.11 Muliphein
37%
Boo2.68 Muphrid
37%
Cap3.69 Nashira
37%
And3.59 Nembus
37%
LMi3.79 Praecipua
37%
Leo3.52 Subra
37%
Vir4.07 Syrma
37%
Eri3.81 Theemin
37%
Gru2.12 Tiaki
37%
And4.09 Titawin
37%
Ser2.63 Unukalhai
37%
Phe4.02 Wurren
37%
UMi4.35 Yildun
37%
And4.87 Adhil
32%
Sgr4.86 Ainalrami
32%
Lyr4.43 Aladfar
32%
Sgr2.88 Albaldah
32%
Aqr3.78 Albali
32%
Crv4.02 Alchiba
32%
Gru3.00 Aldhanab
32%
Dra3.17 Aldhibah
32%
Del4.03 Aldulfin
32%
Cyg2.48 Aljanah
32%
UMa4.16 Alkaphrah
32%
Peg4.42 Alkarab
32%
Sgr2.98 Alnasl
32%
Dra5.55 Alrakis
32%
Dra5.75Alruba
32%
Lyn4.25 Alsciaukat
32%
Cap4.77 Alshat
32%
Leo4.32 Alterf
32%
CMa2.45 Aludra
32%
Gem3.35 Alzirr
32%
Aqr4.17 Ancha
32%
Eri4.76 Angetenar
32%
Sgr4.27Arkab Posterior
32%
Sgr3.96 Arkab Prior
32%
Hya3.49Ashlesha
32%
Dra2.73 Athebyne
32%
Cyg4.69 Azelfafage
32%
Eri3.97 Beemim
32%
Ari3.61 Bharani
32%
Peg3.52 Biham
32%
Aqr4.80Bunda
32%
Cas4.62 Castula
32%
Oph2.76 Cebalrai
32%
UMa5.03 Chalawan
32%
Tau3.73 Chamukuy
32%
Her4.57 Cujam
32%
Com4.85 Diadem
32%
Dra4.57 Dziban
32%
Dra3.29 Edasich
32%
Vir4.84Elgafar
32%
Col5.00Elkurud
32%
Dra4.82 Fafnir
32%
Hya4.94Felis
32%
Dra3.82 Giausar
32%
Dra3.73 Grumium
32%
Ser4.09Gudja
32%
Oph5.07Guniibuu
32%
Aur3.18 Haedus
32%
Aur2.69 Hassaleh
32%
Peg3.41 Homam
32%
Sco3.87 Iklil
32%
UMa5.41 Intercrus
32%
Sco4.50 Jabbah
32%
Gem4.89 Jishui
32%
Vir4.52 Khambalia
32%
Equ3.92 Kitalpha
32%
Crv2.65Kraz
32%
Ari4.52Lilii Borea
32%
Her4.41 Maasym
32%
Aur2.65 Mahasim
32%
Her5.00 Marsic
32%
Gem3.06 Mebsuta
32%
Gem4.01 Mekbuda
32%
Cnc6.29 Meleph
32%
Boo5.76 Merga
32%
CrA4.11 Meridiana
32%
Hya4.45 Minchir
32%
Tri3.42 Mothallah
32%
Cnc5.70Nahn
32%
Her8.16 Ogma
32%
Sco2.82Paikauhale
32%
Cnc5.92Piautos
32%
Sco3.56 Pipirima
32%
Tau3.65 Prima Hyadum
32%
Leo3.88 Rasalas
32%
Psc5.21 Revati
32%
Cas2.66 Ruchbah
32%
Aur3.69 Saclateni
32%
Aqr3.86 Sadachbia
32%
Peg3.51 Sadalbari
32%
Peg4.58Salm
32%
Eri4.02Sceptrum
32%
Tau3.78Secunda Hyadum
32%
Aqr5.04Situla
32%
UMa3.69 Taiyangshou
32%
Dra5.23 Taiyi
32%
Cnc4.67 Tegmine
32%
Sgr4.70 Terebellum
32%
Dra5.43 Tianyi
32%
Cam5.80 Tonatiuh
32%
Psc4.29 Torcular
32%
Hya3.90Ukdah
32%
CMa3.49 Unurgunite
32%
And5.22 Veritate
32%
Sco3.00 Xamidimura
32%
Boo4.18 Xuange
32%
Hya4.11 Zhang
32%
Lib3.91 Zubenelhakrabi
32%

Score Distribution

Percentile by Number Answered

Percent of People with Each Score

Your Score History

You have not taken this quiz since the last reset